Normal view
MARC view
Entry Personal Name
001 - CONTROL NUMBER
- control field: 12073
003 - CONTROL NUMBER IDENTIFIER
- control field: BD-RjUL
005 - DATE AND TIME OF LATEST TRANSACTION
- control field: 20240304162810.0
008 - FIXED-LENGTH DATA ELEMENTS
- fixed length control field: 240304|| aca||aabn | a|a d
040 ## - CATALOGING SOURCE
- Original cataloging agency: BD-RjUL
- Transcribing agency: BD-RjUL
100 ## - HEADING--PERSONAL NAME
- Personal name: مهر، غلام رسول، Mihr, G̲h̲ulām Rasūl,
- Dates associated with a name: 1895-1971
670 ## - SOURCE DATA FOUND
- Source citation: Work cat.: (BD-RjUL)83230: Hitti, Philip K. حتّى, فلپ کے ، (Philip Khuri), 1886-1978, author. 12072, تاريخ لبنان ;; Tārīk̲h̲-i Libnān :